000 00747nam a2200241 4500
001 15616
010 _a9789898580764
021 _b467208/20
090 _a15616
100 _a20220215d2020 m y0pory50030103ba
200 1 _aEsta bruma insensata
_fEnrique Vila-Mata
_gtrad. Maria Manuel Viana
205 _a1ª ed
210 9 _aLisboa
_cTeodolito,
_d2020
215 _a208 p.
_d24 cm
225 2 _aFicção
300 _aPADES
304 _aTít. orig.: Esta bruma insensata
675 _a821.134.1-31"19/20"
_vBN
_zpor
700 1 _aVila-Matas,
_bEnrique,
_f1948-
702 1 _aViana,
_bMaria Manuel,
_f1955-2022
801 0 _aPT
_bBN
_gRPC
856 4 1 _uhttp://rnod.bnportugal.gov.pt/ImagesBN/winlibimg.aspx?skey=&doc=2092661&img=162428&save=true
990 _cLIVROS